Rozhodování v ekonomických systémech pro posluchače fakulty řízení

Gespeichert in:
Bibliographische Detailangaben
Format: Buch
Sprache:Tschechisch
Veröffentlicht: Praha Vysoká škola ekonomická 1977
Tags: Tag hinzufügen
Keine Tags, Fügen Sie das erste Tag hinzu!

MARC

LEADER 00000nam a2200000 4500
001 c111579
005 20260323075703.8
041 0 |a cze 
044 |a CZ 
245 1 0 |a Rozhodování v ekonomických systémech  |b pro posluchače fakulty řízení  |c František Grigar, Vlasta Kubešová, Jiří Fotr 
264 1 |a Praha  |b Vysoká škola ekonomická  |c 1977 
300 |a 109 s.